000 00992nam a2200289 a 4500
001
003 DO-SdBPM
005 20250115120257.0
008 091001s2016 mx a r 000 0 spa d
020 _a9786071620552
040 _aDO-SdBPM
_bspa
_cBPMSU
082 _aM864
_bH887o 2014
_222
100 1 _aHuerta, Efraín,
_d1914-1982.
245 1 0 _aEl otro Efraín :
_bantología prosística /
_cEfraín Huerta ; edición y selección Carlos Ulises Mata.
260 _aMéxico:
_bFondo de Cultura Económica,
_c2014
300 _a673 p. ;
_c22 cm.
_b
490 0 _aLetras mexicanas
590 _aInventariado, 2025/VM
600 1 4 _aHuerta, Efraín,
_d1914-1982
_vColecciones de escritos
650 4 _aEnsayos
_v
650 4 _aLiteratura mexicana
_xHistoria y crítica
650 4 _a Literatura mexicana
_ySiglo XX
700 1 _aUlises Mata, Carlo
_eeditor
710 2 _aFondo de Cultura Económica (México)
910 _aVMateo V. Cotrol de calidad. BPMSU
942 _2ddc
_cBK
999 _c14907
_d14907